Ga door naar de inhoud

Тара и упаковка молочных продуктов

Представлены лабораторные работы по дисциплине тара и упаковка пищевых продуктов. Учебное пособие предназначено для студентов, обучающихся по специальности «Технология молока и молочных продуктов» и направлению подготовки бакалавров «Продукты питания животного происхождения» по профилю «Технология м...

Volledige beschrijving

Bewaard in:
Bibliografische gegevens
Hoofdauteur: Мамаев А. В.
Andere auteurs: Куприна А. О., Яркина М. В.
Formaat: Книга
Taal:Russian
Gepubliceerd in: Санкт-Петербург Лань 2022
Online toegang:https://e.lanbook.com/book/211721
https://e.lanbook.com/img/cover/book/211721.jpg
Tags: Voeg label toe
Geen labels, Wees de eerste die dit record labelt!
LEADER 02337nam0a2200301 i 4500
001 211721
003 RuSpLAN
005 20221220174147.0
008 221220s2022 ru gs 000 0 rus
020 |a 978-5-8114-1755-1 
040 |a RuSpLAN 
041 0 |a rus 
044 |a ru 
080 |a 621.798 
084 |a 36я73  |2 rubbk 
245 0 0 |a Тара и упаковка молочных продуктов  |c Мамаев А. В.,Куприна А. О.,Яркина М. В. 
260 |a Санкт-Петербург  |b Лань  |c 2022 
300 |a 304 с. 
500 |a Рекомендовано УМО РАЕ по классическому университетскому и техническому образованию в качестве учебного пособия для студентов вузов, обучающихся по специальности «Технология молока и молочных продуктов» и по направлению подготовки «Продукты питания животного происхождения» (профиль «Технология молока и молочных продуктов») 
504 |a Библиогр.: доступна в карточке книги, на сайте ЭБС Лань 
520 8 |a Представлены лабораторные работы по дисциплине тара и упаковка пищевых продуктов. Учебное пособие предназначено для студентов, обучающихся по специальности «Технология молока и молочных продуктов» и направлению подготовки бакалавров «Продукты питания животного происхождения» по профилю «Технология молока и молочных продуктови специалистов. 
521 8 |a Книга из коллекции Лань - Технологии пищевых производств 
100 1 |a Мамаев А. В. 
700 1 |a Куприна А. О. 
700 1 |a Яркина М. В. 
856 4 |u https://e.lanbook.com/book/211721 
856 4 8 |u https://e.lanbook.com/img/cover/book/211721.jpg 
953 |a https://e.lanbook.com/img/cover/book/211721.jpg